000 00600nam a2200229Ia 4500
003 OSt
005 20221005123754.0
006 a|||||r|||| 00| 0
007 ta
008 221004b |||||||| |||| 00| 0 tam d
024 _a51665
037 _cTextual
040 _aCRL
_cCRL
_btam
041 _2tam
_atam
082 _aR673x2,1:g, 31H9
100 _aPillai Subramania Au.
_9631943
245 0 _aMai kandarum sivagyana bodha vum
260 _c1949
650 _aPHILOSOPHY
942 _hR673x2,1:g, 31H9
_cTEXL
_2cc
999 _c1048427
_d1048427